000 00305nam a2200145Ia 4500
100 _aNarayan/Kirin
942 _cBK
366 _f17.5
654 _afamily
245 _aMy family and other saints
260 _bHapper collins
_c2007
082 _a808.83/NAR
_bNAR
300 _a339
546 _aENGLISH
999 _c35150
_d35150